[Event "Rochefort op 14th"]
[Site "Rochefort"]
[Date "2015.02.22"]
[Round "3"]
[White "Faure, Remi"]
[Black "Dijkhuis, Tycho"]
[Result "1-0"]
[WhiteElo "1893"]
[BlackElo "2278"]
[PlyCount "37"]
[EventDate "2015.02.21"]
[EventType "swiss"]
[EventRounds "9"]
[EventCountry "FRA"]
[SourceTitle "CBM 165 Extra"]
[Source "ChessBase"]
[SourceDate "2015.04.21"]
[SourceVersion "1"]
[SourceVersionDate "2015.04.21"]
[SourceQuality "1"]

1. e4 c5 2. Nf3 Nc6 3. Bb5 e6 4. 0-0 Nge7 5. c3 a6 6. Bxc6 Nxc6 7. d4 d5 8. exd5 Qxd5 9. Be3 cxd4 10. cxd4 Be7 11. Nc3 Qd8 12. d5 Nb4 13. dxe6 Bxe6 14. Nd4 Bd7 15. Qf3 Nc6 16. Rad1 0-0 17. Nf5 Qc8 18. Rxd7 Qxd7 19. Qg4 1-0